Society and the assessment of techology

Đã lưu trong:
Sonraí Bibleagrafaíochta
Príomhúdar: Hetman, Francois
Formáid: Leabhar
Teanga:Undetermined
Foilsithe: Paris OECD 1973
Ábhair:
Clibeanna: Cuir Clib Leis
Gan Chlibeanna, Bí ar an gcéad duine leis an taifead seo a chlibeáil!
Thư viện lưu trữ: Trung tâm Học liệu Trường Đại học Cần Thơ
LEADER 00476nam a2200181Ia 4500
001 CTU_86175
008 210402s9999 xx 000 0 und d
082 |a 301.24 
082 |b H589 
100 |a Hetman, Francois 
245 0 |a Society and the assessment of techology 
245 0 |c Francois Hetman 
260 |a Paris 
260 |b OECD 
260 |c 1973 
650 |a Technology and asessment 
904 |i Năm 
980 |a Trung tâm Học liệu Trường Đại học Cần Thơ